000 00533nam a22002057a 4500
003 OSt
005 20210414105155.0
008 210307s2002 ||||| |||| 00| 0 eng d
020 _a9992804394
040 _aeng
_beng
_cDLC
041 _aeng
080 _a663.2
_bK-97
100 _91300
_aKvlividze, Tamaz
245 _aNew Methods in Viticulture
_c/ by: Print House
260 _aTbilisi
_bPrint House
_c2002
300 _a143 p.
_bill.
650 0 _9729
_aWine Making
653 _aმეღვინეობა
942 _2udc
_cBK
999 _c2037
_d2037